Power electronics (Record no. 1404)

000 -LEADER
fixed length control field 00542nam a2200205 4500
001 - CONTROL NUMBER
control field 1404
003 - CONTROL NUMBER IDENTIFIER
control field BD-DhUET
008 - FIXED-LENGTH DATA ELEMENTS--GENERAL INFORMATION
fixed length control field 140906b xxu||||| |||| 00| 0 eng d
020 ## - INTERNATIONAL STANDARD BOOK NUMBER
International Standard Book Number 8120325036
040 ## - CATALOGING SOURCE
Transcribing agency 0
Modifying agency BD-DhUET
082 ## - DEWEY DECIMAL CLASSIFICATION NUMBER
Classification number 623.17
Item number RAS/2004
100 ## - MAIN ENTRY--PERSONAL NAME
Personal name Rashid, Muhammad H.
245 ## - TITLE STATEMENT
Title Power electronics
Remainder of title circuits, devices, and applications
250 ## - EDITION STATEMENT
Edition statement 3rd ed.
260 ## - PUBLICATION, DISTRIBUTION, ETC. (IMPRINT)
Place of publication, distribution, etc. New Delhi
Name of publisher, distributor, etc. Prentice-Hall of India
Date of publication, distribution, etc. 2004
300 ## - PHYSICAL DESCRIPTION
Extent xxiv,880p.
504 ## - BIBLIOGRAPHY, ETC. NOTE
Bibliography, etc Includes bibliographies
650 #0 - SUBJECT ADDED ENTRY--TOPICAL TERM
Topical term or geographic name as entry element Power electronics
942 ## - ADDED ENTRY ELEMENTS (KOHA)
Koha item type General Book
Holdings
Price effective from Koha date last borrowed Damaged status Withdrawn status Location (home branch) Shelving location Date acquired Piece designation (barcode) Copy number Koha item type Lost status Koha issues (times borrowed) Sublocation or collection (holding branch) Not for loan Koha normalized classification for sorting Source of classification or shelving scheme Koha full call number Koha date last seen
2014-09-062021-12-19  Central Library, BUETCirculation section2014-09-061036521General Book 4Central Library, BUET 623_000000000000000_17RAS2004 623.17/RAS/20042022-04-12
2014-09-062022-11-29  Central Library, BUETCirculation section2014-09-061036532General Book 1Central Library, BUET 623_000000000000000_17RAS2004 623.17/RAS/20042022-11-29
2014-09-062018-10-28  Central Library, BUETCirculation section2014-09-061036543General Book 2Central Library, BUET 623_000000000000000_17RAS2004 623.17/RAS/20042018-11-27
2014-09-06   Central Library, BUETCirculation section2014-09-061036554General Book  Central Library, BUET 623_000000000000000_17RAS2004 623.17/RAS/20042014-09-06
2014-09-062014-12-07  Central Library, BUETCirculation section2014-09-061036565General Book 1Central Library, BUET 623_000000000000000_17RAS2004 623.17/RAS/20042016-03-07
2014-09-062023-09-23  Central Library, BUETCirculation section2014-09-061036576General Book 4Central Library, BUET 623_000000000000000_17RAS2004 623.17/RAS/20042025-01-26
2014-09-062024-12-08  Central Library, BUETCirculation section2014-09-061036587General Book 3Central Library, BUET 623_000000000000000_17RAS2004 623.17/RAS/20042025-02-09
2014-09-062023-09-24  Central Library, BUETCirculation section2014-09-061036598General Book 3Central Library, BUET 623_000000000000000_17RAS2004 623.17/RAS/20042023-10-04
2014-09-06   Central Library, BUETCirculation section2014-09-061036609General Book  Central Library, BUET 623_170000000000000_RAS_2004 623.17/RAS/20042014-09-06
2014-09-06   Central Library, BUETCirculation section2014-09-0610366110General Book  Central Library, BUET 623_000000000000000_17RAS2004 623.17/RAS/20042014-09-06